[Event "Titled Tuesday intern op 23rd Apr Late"]
[Site "Chess.com INT"]
[Date "2024.04.23"]
[Round "4"]
[White "Hilkevich, Zahar"]
[Black "Quispe Arteaga, Gabriel"]
[Result "0-1"]
[WhiteElo "2022"]
[BlackElo "2405"]
[PlyCount "124"]
[EventDate "2024.04.23"]
[EventType "swiss (blitz)"]
[EventRounds "11"]
[EventCountry "USA"]
[SourceTitle "CB18_2024"]
[SourceDate "2024.05.01"]
[SourceVersion "1"]
[SourceVersionDate "2024.05.01"]
[SourceQuality "2"]

1. d4 Nf6 2. c4 g6 3. Nc3 Bg7 4. e4 0-0 5. Nf3 d6 6. Be2 Bg4 7. Be3 Nc6 8. d5 Bxf3 9. Bxf3 Ne5 10. Be2 e6 11. Qd2 Qe7 12. 0-0-0 a6 13. Kb1 b5 14. dxe6 Qxe6 15. c5 dxc5 16. Bxc5 Rfe8 17. f3 Bf8 18. Bxf8 Kxf8 19. Nd5 Nxd5 20. Qxd5 Rad8 21. Qxe6 fxe6 22. a4 c6 23. Kc2 Ke7 24. Kc3 Nd7 25. b3 Rb8 26. axb5 axb5 27. Ra1 Ra8 28. f4 e5 29. f5 Nf6 30. Bf3 g5 31. g4 h6 32. Rxa8 Rxa8 33. h4 Ra2 34. hxg5 hxg5 35. Kd3 Rb2 36. Bd1 Rg2 37. Rh6 c5 38. Rg6 Rg3+ 39. Kc2 Nxe4 40. Rb6 b4 41. Re6+ Kd7 42. Rxe5 Rg2+ 43. Kc1 Nc3 44. Bf3 Rf2 45. Re3 Nb5 46. f6 Nd6 47. Rd3 Ke6 48. Bd5+ Kxf6 49. Re3 Nb5 50. Re6+ Kg7 51. Re7+ Kg6 52. Re6+ Rf6 53. Be4+ Kg7 54. Re7+ Kf8 55. Re5 Nd4 56. Rxg5 Nxb3+ 57. Kb2 c4 58. Bd5 Rf2+ 59. Kb1 Nd2+ 60. Kc1 Ke7 61. Rf5 Rh2 62. Rf4 c3 0-1

[Event "Titled Tuesday intern op 23rd Apr Late"]
[Site "Chess.com INT"]
[Date "2024.04.23"]
[Round "3"]
[White "Quispe Arteaga, Gabriel"]
[Black "Barp, Alberto"]
[Result "0-1"]
[WhiteElo "2405"]
[BlackElo "2470"]
[PlyCount "150"]
[EventDate "2024.04.23"]
[EventType "swiss (blitz)"]
[EventRounds "11"]
[EventCountry "USA"]
[SourceTitle "CB18_2024"]
[SourceDate "2024.05.01"]
[SourceVersion "1"]
[SourceVersionDate "2024.05.01"]
[SourceQuality "2"]

1. c4 Nf6 2. Nc3 e6 3. e4 c5 4. e5 Ng8 5. d4 cxd4 6. Qxd4 Nc6 7. Qf4 d6 8. Nf3 Nge7 9. exd6 Ng6 10. Qg5 f6 11. Qh5 Qxd6 12. Be3 a6 13. Rd1 Qb4 14. Bd3 f5 15. 0-0 Be7 16. a3 Qxb2 17. Na4 Qf6 18. Nb6 Rb8 19. Rfe1 0-0 20. Ng5 h6 21. Nf3 Qf7 22. c5 Rd8 23. Bc4 Nge5 24. Qxf7+ Kxf7 25. Rxd8 Nxf3+ 26. gxf3 Bxd8 27. Bf4 Bxb6 28. Bxb8 Bxc5 29. Bf4 Bxa3 30. Rd1 Ke7 31. Be3 Bd6 32. Bb6 Bd7 33. h3 Ne5 34. Be2 Bc6 35. f4 Nf3+ 36. Bxf3 Bxf3 37. Rd3 Be4 38. Rg3 g5 39. Rc3 gxf4 40. f3 Bc6 41. Kf2 e5 42. Rd3 Ke6 43. Rc3 e4 44. Ba7 Be5 45. Rc1 Bf6 46. Ke2 exf3+ 47. Kf2 Bh4+ 48. Kg1 f2+ 49. Bxf2 Bxf2+ 50. Kxf2 a5 51. Rc4 f3 52. Ke3 a4 53. Rb4 Kd6 54. Rf4 Be4 55. Rh4 a3 56. Rxh6+ Kc5 57. Rh8 b5 58. Rc8+ Kb6 59. Rb8+ Ka5 60. Rg8 a2 61. Rg7 Kb4 62. Ra7 Kb3 63. h4 Kb2 64. h5 a1Q 65. Rxa1 Kxa1 66. h6 f4+ 67. Kxe4 f2 68. h7 f1Q 69. h8Q+ Kb1 70. Qb8 Qc4+ 71. Kf3 b4 72. Qe5 Kc2 73. Qf6 Qc3+ 74. Qxc3+ Kxc3 75. Kxf4 b3 0-1

[Event "Titled Tuesday intern op 06th Feb Early"]
[Site "Chess.com INT"]
[Date "2024.02.06"]
[Round "8"]
[White "Quispe Arteaga, Gabriel"]
[Black "Golubev, Mikhail"]
[Result "1-0"]
[WhiteElo "2388"]
[BlackElo "2461"]
[PlyCount "63"]
[EventDate "2024.02.06"]
[EventType "swiss (blitz)"]
[EventRounds "11"]
[EventCountry "USA"]
[SourceTitle "CB07_2024"]
[SourceDate "2024.02.14"]
[SourceVersion "1"]
[SourceVersionDate "2024.02.14"]
[SourceQuality "1"]

1. c4 g6 2. Nc3 Bg7 3. g3 e5 4. Bg2 d6 5. e3 Nf6 6. Nge2 0-0 7. b4 a5 8. bxa5 Nc6 9. 0-0 Nxa5 10. d3 c6 11. e4 Bd7 12. Rb1 Nh5 13. Be3 c5 14. Nd5 f5 15. exf5 Bxf5 16. Nec3 Be6 17. Qd2 Nc6 18. Rxb7 Nd4 19. Bxd4 cxd4 20. Nb5 Kh8 21. Ndc7 Bc8 22. Nxa8 Bxb7 23. Bxb7 Qd7 24. Bg2 Nf6 25. Nb6 Qe7 26. Nd5 Nxd5 27. Bxd5 h5 28. Qe2 Kh7 29. Be4 Kh6 30. a4 g5 31. a5 g4 32. a6 1-0

[Event "Collado Villalba op 40th"]
[Site "Collado Villalba"]
[Date "2023.08.25"]
[Round "4"]
[White "Quispe Arteaga, Gabriel"]
[Black "Cao Armillas, Jesus"]
[Result "1-0"]
[WhiteElo "2381"]
[BlackElo "2027"]
[PlyCount "91"]
[EventDate "2023.08.22"]
[EventType "swiss"]
[EventRounds "9"]
[EventCountry "ESP"]
[SourceTitle "EXT 2024"]
[Source "ChessBase"]
[SourceDate "2023.10.10"]
[SourceVersion "1"]
[SourceVersionDate "2023.10.10"]
[SourceQuality "1"]

1. Nf3 Nf6 2. c4 c5 3. Nc3 d5 4. cxd5 Nxd5 5. e4 Nb4 6. Bc4 Nd3+ 7. Ke2 Nf4+ 8. Kf1 Nc6 9. d4 cxd4 10. Nxd4 Qxd4 11. Qxd4 Nxd4 12. Bxf4 Be6 13. Bxe6 Nxe6 14. Be3 g5 15. Nd5 Bg7 16. Ke2 b6 17. Rad1 f6 18. g3 Rc8 19. Rc1 Kf7 20. b4 Rhd8 21. a4 Rxc1 22. Rxc1 Rd7 23. Rc8 f5 24. exf5 Nd4+ 25. Bxd4 Bxd4 26. Nc7 Kf6 27. g4 Ke5 28. Ne6 h6 29. Nf8 Rb7 30. Rc6 Kd5 31. Rc8 Bf6 32. Kd3 Be5 33. h3 Rb8 34. Rxb8 Bxb8 35. Ne6 a6 36. Nd4 Be5 37. Nc2 b5 38. axb5 axb5 39. Ne3+ Kd6 40. f3 Bf6 41. Nc2 Kd5 42. Na3 Kc6 43. Ke4 Bc3 44. Nc2 Kd6 45. Kd3 Bb2 46. Nd4 1-0

[Event "Collado Villalba op 40th"]
[Site "Collado Villalba"]
[Date "2023.08.24"]
[Round "3"]
[White "Garcia Trabanca, Ana"]
[Black "Quispe Arteaga, Gabriel"]
[Result "0-1"]
[WhiteElo "1646"]
[BlackElo "2381"]
[PlyCount "94"]
[EventDate "2023.08.22"]
[EventType "swiss"]
[EventRounds "9"]
[EventCountry "ESP"]
[SourceTitle "EXT 2024"]
[Source "ChessBase"]
[SourceDate "2023.10.10"]
[SourceVersion "1"]
[SourceVersionDate "2023.10.10"]
[SourceQuality "1"]

1. d4 Nf6 2. c4 e6 3. Nc3 Bb4 4. Qc2 b6 5. a3 Bxc3+ 6. Qxc3 Bb7 7. Bg5 h6 8. Bh4 g5 9. Bg3 Ne4 10. Qc2 h5 11. f3 Nxg3 12. hxg3 c5 13. d5 exd5 14. Qf5 Qe7 15. cxd5 d6 16. Nh3 f6 17. Nf2 Nd7 18. Ne4 Kd8 19. Nc3 a6 20. Qc2 Qe5 21. g4 Qg3+ 22. Kd2 h4 23. Qf5 Qe5 24. Qd3 b5 25. e4 c4 26. Qe3 Nc5 27. Kc2 Bc8 28. Ne2 Bd7 29. Nd4 Re8 30. Rd1 Rc8 31. Kb1 Na4 32. Ka2 c3 33. b3 c2 34. Rc1 Nc3+ 35. Ka1 Nxd5 36. Qd2 Qf4 37. Qxf4 Nxf4 38. Kb2 d5 39. exd5 Re5 40. Rxc2 Rxd5 41. Rxc8+ Bxc8 42. Kc3 Be6 43. Bd3 Bf7 44. g3 hxg3 45. Rg1 g2 46. b4 Kc7 47. Be4 Rxd4 0-1

[Event "Titled Tuesday intern op 16th May Late"]
[Site "Chess.com INT"]
[Date "2023.05.16"]
[Round "6"]
[White "Musovic, Armin"]
[Black "Quispe Arteaga, Gabriel"]
[Result "0-1"]
[WhiteElo "2261"]
[BlackElo "2381"]
[PlyCount "102"]
[EventDate "2023.05.16"]
[EventType "swiss (blitz)"]
[EventRounds "11"]
[EventCountry "USA"]
[SourceTitle "CBM 214 Extra"]
[Source "ChessBase"]
[SourceDate "2023.07.31"]
[SourceVersion "1"]
[SourceVersionDate "2023.07.31"]
[SourceQuality "1"]

1. a3 Nf6 2. Nc3 d5 3. d3 g6 4. Bg5 Bg7 5. e4 d4 6. Nce2 e5 7. h3 0-0 8. Bh4 c5 9. Bg3 Nc6 10. Bh2 c4 11. Nc1 Qa5+ 12. Qd2 c3 13. bxc3 dxc3 14. Qd1 Be6 15. Nf3 Rad8 16. Be2 Nxe4 17. 0-0 Nd2 18. Ng5 Nxf1 19. Nxe6 fxe6 20. Nb3 Qb6 21. Qxf1 a5 22. Rb1 Qa7 23. a4 Nb4 24. Bd1 Bh6 25. Bg3 Bf4 26. Bxf4 Rxf4 27. Qe1 Rdf8 28. Bf3 Nxc2 29. Qxe5 Nd4 30. Nxd4 Qxd4 31. Qxe6+ Kh8 32. Rxb7 c2 33. Rc7 Qa1+ 34. Kh2 c1Q 35. Rxc1 Qxc1 36. Qe5+ R4f6 37. d4 Qf4+ 38. Qxf4 Rxf4 39. d5 Rxa4 40. Bg4 Rd4 41. Be6 a4 42. Kg3 a3 43. f4 a2 44. d6 Rxd6 45. Bxa2 Rd3+ 46. Kh4 Rxf4+ 47. Kg5 Rb4 48. g4 Kg7 49. Be6 h6+ 50. Kh4 g5+ 51. Kh5 Rxh3# 0-1

[Event "Titled Tuesday intern op 16th May Late"]
[Site "Chess.com INT"]
[Date "2023.05.16"]
[Round "8"]
[White "Quispe Arteaga, Gabriel"]
[Black "Denishev, Marat"]
[Result "0-1"]
[WhiteElo "2381"]
[BlackElo "2255"]
[PlyCount "72"]
[EventDate "2023.05.16"]
[EventType "swiss (blitz)"]
[EventRounds "11"]
[EventCountry "USA"]
[SourceTitle "CBM 214 Extra"]
[Source "ChessBase"]
[SourceDate "2023.07.31"]
[SourceVersion "1"]
[SourceVersionDate "2023.07.31"]
[SourceQuality "1"]

1. c4 Nf6 2. Nc3 c5 3. Nf3 e6 4. d4 cxd4 5. Nxd4 a6 6. g3 Nc6 7. Bg2 Bb4 8. 0-0 0-0 9. Nxc6 bxc6 10. Qc2 d5 11. Rd1 Qe7 12. a3 Bd6 13. e4 dxc4 14. Na4 e5 15. Nb6 Be6 16. Nxa8 Rxa8 17. h3 Bc5 18. Qe2 Bd4 19. Be3 c5 20. Rac1 Rb8 21. Rc2 Qd7 22. Kh2 Qa4 23. Rdc1 h6 24. f4 Rb3 25. Bf2 Bg4 26. hxg4 Bxf2 27. Bf3 Bd4 28. Kg2 Qd7 29. f5 Re3 30. Qxc4 Nxe4 31. Bxe4 Rxe4 32. Re2 Rxg4 33. Qd3 h5 34. Kh2 h4 35. Rg2 Bg1+ 36. Kxg1 Qxd3 0-1

[Event "Titled Tuesday intern op 16th May Late"]
[Site "Chess.com INT"]
[Date "2023.05.16"]
[Round "5"]
[White "Quispe Arteaga, Gabriel"]
[Black "Popilski, Gil"]
[Result "1-0"]
[WhiteElo "2381"]
[BlackElo "2443"]
[PlyCount "103"]
[EventDate "2023.05.16"]
[EventType "swiss (blitz)"]
[EventRounds "11"]
[EventCountry "USA"]
[SourceTitle "CBM 214 Extra"]
[Source "ChessBase"]
[SourceDate "2023.07.31"]
[SourceVersion "1"]
[SourceVersionDate "2023.07.31"]
[SourceQuality "1"]

1. c4 e6 2. Nc3 Bb4 3. Nf3 c5 4. g3 Nc6 5. Bg2 Nf6 6. 0-0 0-0 7. d3 h6 8. Qc2 Qe7 9. a3 Ba5 10. e4 d6 11. h3 Nd7 12. Be3 Nde5 13. Ne2 Nxf3+ 14. Bxf3 e5 15. Bg2 f5 16. f4 fxe4 17. dxe4 Nd4 18. Qd3 Bd7 19. Nc3 Rae8 20. Nd5 Qd8 21. Bxd4 cxd4 22. b4 Bb6 23. f5 Bc6 24. Kh2 Bxd5 25. exd5 Qg5 26. Be4 Rc8 27. Rae1 h5 28. h4 Qh6 29. f6 Rxf6 30. Rxf6 Qxf6 31. Rf1 Qh6 32. Qf3 Qf6 33. Bf5 Rxc4 34. Be6+ Kf8 35. Qe2 Rc7 36. Rxf6+ gxf6 37. Qxh5 d3 38. Qh8+ Ke7 39. Qh7+ Kd8 40. Qxd3 Bd4 41. Qf5 Rc1 42. Qxf6+ Kc7 43. Qe7+ Kb6 44. Qxd6+ Kb5 45. Qd7+ Kc4 46. d6+ Kd3 47. Qf7 Ke3 48. d7 Rc2+ 49. Kh3 e4 50. d8Q Be5 51. Qd5 Rc3 52. Qxe5 1-0

[Event "Titled Tuesday intern op 16th May Late"]
[Site "Chess.com INT"]
[Date "2023.05.16"]
[Round "2"]
[White "Quispe Arteaga, Gabriel"]
[Black "Spitzl, Vinzent"]
[Result "1-0"]
[WhiteElo "2381"]
[BlackElo "2365"]
[PlyCount "61"]
[EventDate "2023.05.16"]
[EventType "swiss (blitz)"]
[EventRounds "11"]
[EventCountry "USA"]
[SourceTitle "CBM 214 Extra"]
[Source "ChessBase"]
[SourceDate "2023.07.31"]
[SourceVersion "1"]
[SourceVersionDate "2023.07.31"]
[SourceQuality "1"]

1. c4 e6 2. Nc3 d5 3. d4 Bb4 4. e3 Nf6 5. Bd3 0-0 6. Nge2 Nbd7 7. 0-0 c5 8. cxd5 exd5 9. a3 Bxc3 10. Nxc3 b6 11. b4 c4 12. Bc2 Bb7 13. a4 Ne4 14. Bb2 Ndf6 15. f3 Nxc3 16. Bxc3 Re8 17. Qd2 Qc7 18. Rae1 a6 19. Qf2 b5 20. g4 Re7 21. Qg3 Qc6 22. a5 Rae8 23. Qf4 Nd7 24. e4 dxe4 25. fxe4 Qg6 26. d5 Bxd5 27. exd5 Qxc2 28. Rxe7 Rxe7 29. d6 Qxc3 30. dxe7 Nf6 31. Qb8+ 1-0

[Event "Titled Tuesday intern op 28th Feb Late"]
[Site "Chess.com INT"]
[Date "2023.02.28"]
[Round "3"]
[White "Manukyan, Sargis V"]
[Black "Quispe Arteaga, Gabriel"]
[Result "0-1"]
[WhiteElo "2253"]
[BlackElo "2377"]
[PlyCount "130"]
[EventDate "2023.02.28"]
[EventType "swiss (blitz)"]
[EventRounds "11"]
[EventCountry "USA"]
[SourceTitle "CBM 213 Extra"]
[Source "ChessBase"]
[SourceDate "2023.05.31"]
[SourceVersion "1"]
[SourceVersionDate "2023.05.31"]
[SourceQuality "1"]

1. Nf3 Nf6 2. g3 b5 3. Bg2 Bb7 4. 0-0 e6 5. d4 c5 6. Na3 a6 7. c4 bxc4 8. Nxc4 cxd4 9. Qxd4 Nc6 10. Qf4 d5 11. Nce5 Bd6 12. Nxc6 Bxc6 13. Qh4 0-0 14. Bg5 h6 15. Be3 e5 16. Rac1 Bb7 17. Bc5 Bxc5 18. Rxc5 Qb6 19. Rc2 e4 20. Ne5 Qe6 21. f4 exf3 22. Nxf3 Qe3+ 23. Kh1 Ne4 24. g4 Rac8 25. Rxc8 Rxc8 26. Ne5 Nd2 27. Qe7 Nxf1 28. Qxf7+ Kh8 29. Ng6+ Kh7 30. Nf8+ Rxf8 31. Qxf8 Qxe2 32. Qf5+ Kg8 33. Bxf1 d4+ 34. Kg1 Qe3+ 35. Qf2 Qe4 36. Bc4+ Bd5 37. Bxd5+ Qxd5 38. Qf5 Qd6 39. Qd3 Qf4 40. h3 Qc1+ 41. Qf1 Qxb2 42. Qc4+ Kf8 43. Qc5+ Kf7 44. Qc4+ Ke7 45. Qc5+ Ke6 46. Qc4+ Ke5 47. a4 Qb1+ 48. Kh2 Qb2+ 49. Kh1 Qc3 50. Qf7 Qxh3+ 51. Kg1 Qxg4+ 52. Kh1 Qh3+ 53. Kg1 Qe3+ 54. Kh1 Qe4+ 55. Kg1 d3 56. Qxg7+ Kd5 57. Qb7+ Kd4 58. Qb6+ Kc3 59. Qc5+ Kd2 60. Qa5+ Ke2 61. Qh5+ Qf3 62. Qh2+ Ke1 63. Qxh6 Qg4+ 64. Kh1 Qe4+ 65. Kg1 d2 0-1

[Event "Titled Tuesday intern op 28th Feb Late"]
[Site "Chess.com INT"]
[Date "2023.02.28"]
[Round "7"]
[White "Quispe Arteaga, Gabriel"]
[Black "Plenca, Jadranko"]
[Result "0-1"]
[WhiteElo "2377"]
[BlackElo "2423"]
[PlyCount "86"]
[EventDate "2023.02.28"]
[EventType "swiss (blitz)"]
[EventRounds "11"]
[EventCountry "USA"]
[SourceTitle "CBM 213 Extra"]
[Source "ChessBase"]
[SourceDate "2023.05.31"]
[SourceVersion "1"]
[SourceVersionDate "2023.05.31"]
[SourceQuality "1"]

1. c4 c6 2. Nf3 d5 3. e3 Nf6 4. Nc3 a6 5. b3 Bf5 6. Bb2 h6 7. Be2 e6 8. d3 Nbd7 9. h3 Bb4 10. a3 Ba5 11. g4 Bh7 12. Rg1 dxc4 13. dxc4 Qe7 14. b4 Bc7 15. Qb3 0-0-0 16. 0-0-0 Ne5 17. Nd4 c5 18. bxc5 Qxc5 19. f4 Nc6 20. Na4 Nxd4 21. Bxd4 Qc6 22. f5 exf5 23. gxf5 Bxf5 24. Rdf1 Bg6 25. Bf3 Ne4 26. Nc3 Rhe8 27. Bxe4 Bxe4 28. Rxf7 g5 29. Rgf1 Bd3 30. Rd1 Bxc4 31. Rxc7+ Qxc7 32. Qb4 Bf7 33. Kb2 Qc4 34. Qb6 Re6 35. Qa7 Kc7 36. Rc1 Kd7 37. Qxb7+ Ke8 38. Ka1 Rc6 39. Rc2 Qf1+ 40. Kb2 Qc4 41. Ka1 Bd5 42. Rf2 Rf6 43. Rxf6 Bxb7 0-1

[Event "Titled Tuesday intern op 28th Feb Late"]
[Site "Chess.com INT"]
[Date "2023.02.28"]
[Round "5"]
[White "Sjugirov, Sanan"]
[Black "Quispe Arteaga, Gabriel"]
[Result "1-0"]
[WhiteElo "2712"]
[BlackElo "2377"]
[PlyCount "133"]
[EventDate "2023.02.28"]
[EventType "swiss (blitz)"]
[EventRounds "11"]
[EventCountry "USA"]
[SourceTitle "CBM 213 Extra"]
[Source "ChessBase"]
[SourceDate "2023.05.31"]
[SourceVersion "1"]
[SourceVersionDate "2023.05.31"]
[SourceQuality "1"]

1. Nf3 Nf6 2. c4 e6 3. g3 a6 4. Bg2 b5 5. b3 Bb7 6. 0-0 Be7 7. Na3 bxc4 8. Nxc4 c5 9. d4 cxd4 10. Qxd4 0-0 11. Bf4 d5 12. Nce5 Nc6 13. Nxc6 Bxc6 14. Rac1 Rc8 15. Qa7 Ra8 16. Qe3 Rc8 17. Nd4 Bb7 18. Rxc8 Bxc8 19. Nc6 Qe8 20. Nxe7+ Qxe7 21. Rc1 Qa3 22. Qc5 Qxc5 23. Rxc5 Bd7 24. Ra5 Ra8 25. Bf1 Ne4 26. f3 Nc3 27. Bd2 d4 28. e3 Nb1 29. Bc1 Rc8 30. Bc4 d3 31. Rxa6 d2 32. Bxd2 Nxd2 33. Be2 Be8 34. Rd6 Nb1 35. Bc4 Na3 36. Bd3 Kf8 37. Ra6 Nb5 38. a4 Nc7 39. Rb6 Nd5 40. Rb7 Rc3 41. Be4 Rc1+ 42. Kf2 Nc3 43. Bd3 Rd1 44. Bc4 Rd2+ 45. Ke1 Rxh2 46. a5 Ra2 47. a6 Bc6 48. Rc7 Bxf3 49. a7 g5 50. b4 h5 51. Bxa2 h4 52. Rc8+ Kg7 53. a8Q Bxa8 54. Rxa8 h3 55. Kf1 Nd1 56. Kg1 Nxe3 57. Kh2 g4 58. Bb1 Nf1+ 59. Kg1 Nxg3 60. Ra2 f5 61. b5 Ne4 62. b6 Nd6 63. Rd2 Nc4 64. Rd7+ Kf6 65. b7 g3 66. b8Q Ne3 67. Qxg3 1-0

[Event "Titled Tuesday intern op 21st Feb Late"]
[Site "Chess.com INT"]
[Date "2023.02.21"]
[Round "3"]
[White "Bambino Filho, Antonio Carlos"]
[Black "Quispe Arteaga, Gabriel"]
[Result "0-1"]
[WhiteElo "2144"]
[BlackElo "2377"]
[PlyCount "40"]
[EventDate "2023.02.21"]
[EventType "swiss (blitz)"]
[EventRounds "11"]
[EventCountry "USA"]
[SourceTitle "CBM 212 Extra"]
[Source "ChessBase"]
[SourceDate "2023.03.31"]
[SourceVersion "1"]
[SourceVersionDate "2023.03.31"]
[SourceQuality "1"]

1. d4 Nf6 2. c4 e6 3. Nc3 Bb4 4. Qc2 0-0 5. a3 Bxc3+ 6. Qxc3 d5 7. Bg5 c5 8. dxc5 d4 9. Qd2 e5 10. e3 Nc6 11. Nf3 Bf5 12. Rd1 h6 13. Bxf6 Qxf6 14. exd4 exd4 15. Bd3 Rfe8+ 16. Kf1 Bg4 17. Re1 Bxf3 18. gxf3 Qxf3 19. Rg1 Qh3+ 20. Rg2 Rxe1+ 0-1

[Event "Titled Tuesday intern op 21st Feb Late"]
[Site "Chess.com INT"]
[Date "2023.02.21"]
[Round "7"]
[White "Petukhov, Dmitry"]
[Black "Quispe Arteaga, Gabriel"]
[Result "0-1"]
[WhiteElo "2350"]
[BlackElo "2377"]
[PlyCount "68"]
[EventDate "2023.02.21"]
[EventType "swiss (blitz)"]
[EventRounds "11"]
[EventCountry "USA"]
[SourceTitle "CBM 212 Extra"]
[Source "ChessBase"]
[SourceDate "2023.03.31"]
[SourceVersion "1"]
[SourceVersionDate "2023.03.31"]
[SourceQuality "1"]

1. e4 c5 2. c3 d5 3. exd5 Qxd5 4. d4 Nf6 5. Nf3 Bg4 6. Be2 e6 7. h3 Bh5 8. 0-0 Nc6 9. Be3 cxd4 10. cxd4 Be7 11. Nc3 Qd8 12. Qb3 0-0 13. Rfd1 Nb4 14. Bg5 Nbd5 15. g4 Bg6 16. Ne5 Rb8 17. Bf3 Nxc3 18. bxc3 Nd7 19. Bxe7 Qxe7 20. Nxg6 hxg6 21. a4 Nf6 22. a5 Qc7 23. c4 b6 24. axb6 axb6 25. d5 exd5 26. Bxd5 Rfd8 27. g5 Nh7 28. h4 Qf4 29. Qf3 Qxh4 30. Qxf7+ Kh8 31. Qxg6 Rf8 32. Rd2 Nxg5 33. Kg2 Nh3 34. Rh1 Nf4+ 0-1

[Event "Titled Tuesday intern op 21st Feb Late"]
[Site "Chess.com INT"]
[Date "2023.02.21"]
[Round "6"]
[White "Quispe Arteaga, Gabriel"]
[Black "Klenburg, Mikhail"]
[Result "1/2-1/2"]
[WhiteElo "2377"]
[BlackElo "2325"]
[PlyCount "121"]
[EventDate "2023.02.21"]
[EventType "swiss (blitz)"]
[EventRounds "11"]
[EventCountry "USA"]
[SourceTitle "CBM 212 Extra"]
[Source "ChessBase"]
[SourceDate "2023.03.31"]
[SourceVersion "1"]
[SourceVersionDate "2023.03.31"]
[SourceQuality "1"]

1. c4 d6 2. d4 Nf6 3. Nc3 Nbd7 4. g3 g6 5. Bg2 Bg7 6. Nf3 0-0 7. d5 Nb6 8. Nd2 Bd7 9. 0-0 c6 10. dxc6 Bxc6 11. e4 Nbd7 12. Nb3 Nc5 13. Nxc5 dxc5 14. e5 Qxd1 15. Rxd1 Ng4 16. Bxc6 bxc6 17. f4 f6 18. h3 Nh6 19. exf6 Bxf6 20. Ne4 Bd4+ 21. Kg2 Rab8 22. Rb1 Nf5 23. b3 a5 24. Rd3 a4 25. g4 Ng7 26. Ng5 e5 27. Rf3 Rbe8 28. fxe5 Bxe5 29. Rxf8+ Rxf8 30. Nf3 Bd6 31. bxa4 Ne6 32. a5 Ra8 33. Bd2 Nd4 34. Nxd4 cxd4 35. Kf3 c5 36. Ke4 Bf8 37. Rb7 Re8+ 38. Kd3 Ra8 39. Kc2 Ra6 40. Kb3 Re6 41. Rb6 Re2 42. a6 Rxd2 43. a7 Rd3+ 44. Kb2 Rd2+ 45. Kc1 Rxa2 46. Rb7 Ra4 47. Kd2 Ra3 48. h4 h6 49. g5 h5 50. Rd7 Ra5 51. Kd3 Ra3+ 52. Ke4 Ra4 53. Kd5 d3 54. Kc6 Ra3 55. Kb7 Rb3+ 56. Kc8 Ra3 57. Kb8 Rb3+ 58. Ka8 Ra3 59. Kb7 Rb3+ 60. Kc8 Ra3 61. Kb7 1/2-1/2

[Event "Titled Tuesday intern op 31st Jan Late"]
[Site "Chess.com INT"]
[Date "2023.01.31"]
[Round "5"]
[White "Ronka, Erik"]
[Black "Quispe Arteaga, Gabriel"]
[Result "1/2-1/2"]
[WhiteElo "2277"]
[BlackElo "2376"]
[PlyCount "237"]
[EventDate "2023.01.31"]
[EventType "swiss (blitz)"]
[EventRounds "11"]
[EventCountry "USA"]
[SourceTitle "CBM 212 Extra"]
[Source "ChessBase"]
[SourceDate "2023.03.31"]
[SourceVersion "1"]
[SourceVersionDate "2023.03.31"]
[SourceQuality "1"]

1. e4 c5 2. Nf3 e6 3. g3 d5 4. exd5 exd5 5. d4 Nf6 6. Bg2 Nc6 7. 0-0 Be7 8. Nc3 0-0 9. dxc5 Bxc5 10. a3 Be6 11. b4 Be7 12. Bb2 Rc8 13. Qd3 Qd7 14. Rad1 Rfd8 15. Rfe1 Bf5 16. Qd2 d4 17. Ne2 Ne4 18. Qc1 d3 19. Rxd3 Qc7 20. Rxd8+ Rxd8 21. Nfd4 Bg6 22. Nxc6 bxc6 23. Nf4 Nf6 24. Nxg6 hxg6 25. c4 Bf8 26. h3 c5 27. b5 Qa5 28. Qc3 Qa4 29. Kh2 Rd4 30. Bf1 Rd8 31. Qf3 Qc2 32. Bxf6 gxf6 33. Qxf6 Rd2 34. Kg1 Bg7 35. Qf3 Bd4 36. Re2 Qc1 37. Rxd2 Qxd2 38. Qe2 Qc3 39. Kg2 Qxa3 40. h4 Qc3 41. h5 gxh5 42. Qxh5 Qd2 43. Qg4+ Kf8 44. Qe2 Qxe2 45. Bxe2 Ke7 46. f4 f5 47. Kf3 Kf6 48. Bd3 Bc3 49. Kg2 Bd2 50. Kh3 Be1 51. g4 fxg4+ 52. Kxg4 Bd2 53. Kf3 Bc3 54. Ke4 Ba5 55. Kd5 Bb6 56. Be4 Bc7 57. Kxc5 Bxf4 58. Kc6 Be3 59. c5 Ke7 60. Bf5 Kd8 61. Kd6 Bf4+ 62. Kc6 Be3 63. Kd5 Kc7 64. Be4 Bf2 65. Kc4 Bg1 66. Kb4 Bf2 67. Kc4 Bg1 68. Kd5 Bf2 69. c6 Bg1 70. Kc4 Bb6 71. Kd5 Bf2 72. Ke6 Bb6 73. Bd5 Bg1 74. Kf5 Bb6 75. Ke4 Bg1 76. Kf3 Bb6 77. Kg2 Ba5 78. Kf1 Bb6 79. Ke2 Ba5 80. Kd3 Bb6 81. Kc4 Bg1 82. Kb3 Bb6 83. Ka4 Bg1 84. Ka5 Bb6+ 85. Ka6 Bg1 86. Bg2 Bb6 87. Bf1 Bg1 88. Bc4 Bb6 89. Ba2 Bc5 90. Bb1 Bb6 91. Bc2 Bc5 92. Ka5 Bb6+ 93. Kb4 Be3 94. Kc4 Bb6 95. Kd5 Bg1 96. Kc4 Bb6 97. Bd3 Bg1 98. Kd5 Bb6 99. Ke4 Ba5 100. Be2 Bb6 101. Kd3 Ba5 102. Kc4 Bb6 103. Kb3 Bg1 104. Ka4 Bb6 105. Kb4 Bf2 106. Kc4 Bb6 107. Bf1 Bg1 108. Bh3 Bb6 109. Bd7 Bg1 110. Kd3 Bb6 111. Kc2 Bg1 112. Kb3 Bf2 113. Ka4 Bb6 114. Kb4 Bg1 115. Ka5 Bb6+ 116. Ka6 Bg1 117. Ka5 Bb6+ 118. Ka4 Bg1 119. Kb4 1/2-1/2

[Event "Madrid-chT Honor 2223"]
[Site "Madrid"]
[Date "2023.01.29"]
[Round "7.6"]
[White "Quispe Arteaga, Gabriel"]
[Black "Solanilla Olcese, Ada"]
[Result "1-0"]
[WhiteElo "2376"]
[BlackElo "1315"]
[PlyCount "45"]
[EventDate "2022.11.20"]
[EventType "team-tourn"]
[EventRounds "14"]
[EventCountry "ESP"]
[SourceTitle "EXT 2024"]
[Source "ChessBase"]
[SourceDate "2023.10.10"]
[SourceVersion "1"]
[SourceVersionDate "2023.10.10"]
[SourceQuality "1"]
[WhiteTeam "Collado Villalba"]
[BlackTeam "San Sebastian de los Reyes"]
[WhiteTeamCountry "ESP"]
[BlackTeamCountry "ESP"]

1. c4 e6 2. Nc3 d5 3. d4 Nf6 4. cxd5 exd5 5. Bg5 Be7 6. e3 c6 7. Bd3 Be6 8. Nge2 Qc8 9. Qc2 h6 10. Bh4 Nbd7 11. Nf4 Nb6 12. Nxe6 Qxe6 13. 0-0 Bd6 14. Bf5 Qe7 15. e4 g5 16. Rae1 Kf8 17. exd5 Qc7 18. Bg3 Bxg3 19. fxg3 Nbxd5 20. Nxd5 Nxd5 21. Be6 Nf4 22. gxf4 fxe6 23. fxg5+ 1-0